Para un hombre de éxito

Guardat en:
Dades bibliogràfiques
Autor principal: Riba, Lidia María (Autor)
Format: Llibre
Idioma:espanyol
Publicat: Buenos Aires Vergara y Riba 1998
Edició:3a. ed
Matèries:
Etiquetes: Afegir etiqueta
Sense etiquetes, Sigues el primer a etiquetar aquest registre!

MARC

LEADER 00000nam a2200000 a 4500
001 UCK9198
003 CL-VaPUC
008 060421e19980000AG |||||||||||||||||spa|d
020 |a 9879201019 
082 0 4 |a 152.41  |b RIB  |2 21 
100 0 |a Riba, Lidia María  |e author  |9 498933 
245 1 0 |a Para un hombre de éxito 
250 |a 3a. ed 
300 |a 43 p 
942 |c BK 
945 |d 20060421 00:00:00  |a jtorresc 
260 |a Buenos Aires  |b Vergara y Riba  |c 1998 
650 0 |a Autoestima  |9 308492 
650 7 |a EXITO PERSONAL  |2 CL-VaPUC  |9 354519 
583 |a last modification  |c 20060421 00:00:00  |k Rodrigo Vera 
999 |c 316472  |d 316470 
952 |0 0  |1 0  |4 0  |6 152_410000000000000_RIB_1998  |7 0  |8 A  |9 390868  |a BIBEDU  |b BIBEDU  |d 2019-11-22  |i 4182863  |o 152.41 RIB 1998  |p 4182863  |r 2019-11-22  |w 2019-11-22  |y BK  |k EBA